Statistics for Top 10 Longest Pink Floyd songs

Click here to take the quiz!

General Stats

  • This quiz has been taken 721 times
  • The average score is 7 of 10

Answer Stats

TimeSong% Correct
23:32Echoes
95%
13:31Shine on you Crazy Diamond Pts, 1-5
86%
12:27Shine on you Crazy Diamond Pts, 6-9
86%
17:05Dogs
84%
23:41Atom Heart Mother
78%
11:25Pigs (Three Different Ones)
77%
10:19Sheep
75%
9:40Interstellar Overdrive
37%
11:58A Saucerful of Secrets
32%
8:44Sorrow
18%

Score Distribution

Percentile by Number Answered

Percent of People with Each Score

Your Score History

You have not taken this quiz